Famous Poets - Statistics

General Stats
  • This quiz has been taken 1,346 times
  • The average score is 10 of 20
Answer Stats
Years Famous Work Answer % Correct
c. 8th Century BC The Iliad (perhaps?) Homer
94%
1809-1849 The Raven Edgar Allan Poe
87%
1564-1616 Sonnet 18 William Shakespeare
84%
1608-1674 Paradise Lost John Milton
69%
1795-1821 Ode to a Nightingale John Keats
58%
43 BC-17/18 AD Metamorphoses Ovid
57%
1792-1822 Ozymandias Percy Bysshe Shelley
57%
1759-1796 Auld Lang Syne Robert Burns
56%
1809-1892 The Charge of the Light Brigade Alfred Lord Tennyson
55%
1788-1824 She Walks in Beauty Lord Byron
55%
1757-1827 The Tyger William Blake
46%
1772-1834 The Rime of the Ancient Mariner Samuel Taylor Coleridge
45%
1770-1850 The Prelude William Wordsworth
44%
1819-1892 Songs of Myself Walt Whitman
38%
1928-2014 And Still I Rise Maya Angelou
35%
1572-1631 Death Be Not Proud John Donne
24%
1930-1998 Pike Ted Hughes
20%
1939-2013 Death of a Naturalist Seamus Heaney
12%
1955- War Photographer Carol Ann Duffy
8%
1963- Remains Simon Armitage
7%
No matching quizzes found
Score Distribution
Percent of People with Each Score
Percentile by Number Answered
Your Score History
You have not taken this quiz